Sports Quiz

Random Sports or Year Quiz

NFL Leaders (2017) Quiz Stats

 Plays Quiz Updated Jan 14, 2018

Score 0/129 Timer 15:00
10 Plays Today
Hint Answer % Correct
Passing YardsTom Brady
99.1%
Passing TouchdownsTom Brady
99.1%
Passing YardsRussell Wilson
96.4%
Passing TouchdownsRussell Wilson
96.4%
Passing YardsDrew Brees
95.8%
Passing YardsMatt Ryan
95.6%
Passing YardsAlex Smith
95.6%
Passing TouchdownsAlex Smith
95.6%
Passing YardsPhilip Rivers
95.4%
Passing TouchdownsPhilip Rivers
95.4%
Passing YardsMatthew Stafford
95%
Passing TouchdownsMatthew Stafford
95%
InterceptionsHarrison Smith
94.2%
Receiving YardsAntonio Brown
93.8%
Receiving TouchdownsAntonio Brown
93.8%
Passing TouchdownsCarson Wentz
93.7%
Passing YardsKirk Cousins
93.5%
Passing TouchdownsKirk Cousins
93.5%
Receiving YardsJulio Jones
93.2%
Rushing YardsLe'Veon Bell
93%
Rushing TouchdownsLe'Veon Bell
93%
Passing YardsJared Goff
92.5%
Passing TouchdownsJared Goff
92.5%
Receiving YardsMarvin Jones
92.5%
Receiving TouchdownsMarvin Jones
92.5%
Combined TacklesPreston Brown
92.2%
SacksChandler Jones
92.1%
Combined TacklesZach Brown
92.1%
Combined TacklesDeion Jones
91.9%
Rushing YardsTodd Gurley
91.4%
Rushing TouchdownsTodd Gurley
91.4%
Passing YardsBen Roethlisberger
90.5%
Passing TouchdownsBen Roethlisberger
90.5%
Passing TouchdownsAndy Dalton
90.4%
Rushing YardsLeSean McCoy
88.2%
Rushing YardsKareem Hunt
86.8%
Rushing TouchdownsKareem Hunt
86.8%
Rushing YardsMark Ingram
86.1%
Rushing TouchdownsMark Ingram
86.1%
Rushing YardsLeonard Fournette
85.5%
Rushing TouchdownsLeonard Fournette
85.5%
Kickoff Return YardsAkeem Hunt
85.2%
Receiving YardsDeAndre Hopkins
85.1%
Hint Answer % Correct
Receiving TouchdownsDeAndre Hopkins
85.1%
Rushing TouchdownsAlvin Kamara
83.8%
Receiving YardsLarry Fitzgerald
83.5%
Receiving YardsRob Gronkowski
83.5%
Receiving TouchdownsRob Gronkowski
83.5%
Rushing YardsEzekiel Elliott
80.9%
Rushing YardsMelvin Gordon
78.3%
Rushing TouchdownsMelvin Gordon
78.3%
Receiving YardsMichael Thomas
77.3%
Rushing YardsJordan Howard
76.8%
Rushing TouchdownsJordan Howard
76.8%
Receiving YardsTyreek Hill
76.6%
Receiving YardsAdam Thielen
76%
Receiving TouchdownsA.J. Green
75.4%
Receiving YardsKeenan Allen
75.3%
Receiving TouchdownsStefon Diggs
75.1%
Rushing YardsC.J. Anderson
73%
Receiving TouchdownsDoug Baldwin
72.1%
Receiving TouchdownsJimmy Graham
69.8%
Receiving TouchdownsTravis Kelce
69.7%
Receiving TouchdownsJarvis Landry
69.1%
Receiving TouchdownsDavante Adams
68.7%
Rushing TouchdownsLatavius Murray
67.5%
Rushing TouchdownsCarlos Hyde
65.6%
InterceptionsMicah Hyde
65.1%
Receiving TouchdownsZach Ertz
63.5%
Receiving TouchdownsAlshon Jeffery
62.2%
Receiving TouchdownsMichael Crabtree
57.1%
Receiving TouchdownsKyle Rudolph
54.3%
SacksCalais Campbell
54%
InterceptionsMarcus Peters
53.4%
Kickoff Return YardsPharoh Cooper
49.3%
Punt Return YardsPharoh Cooper
49.3%
InterceptionsDarius Slay
48.6%
Receiving TouchdownsDevin Funchess
47.6%
Receiving TouchdownsNelson Agholor
47.3%
Receiving TouchdownsSammy Watkins
47%
InterceptionsA.J. Bouye
45.5%
SacksCameron Jordan
44.2%
Field Goals MadeMatt Bryant
43.7%
Field Goals MadeStephen Gostkowski
43.7%
SacksDemarcus Lawrence
41.6%
SacksJoey Bosa
41.6%
Hint Answer % Correct
Field Goals MadeJustin Tucker
41.2%
Kickoff Return YardsTyler Lockett
40.6%
InterceptionsMarshon Lattimore
37.9%
SacksEzekiel Ansah
33.7%
SacksEverson Griffen
33.5%
Field Goals MadeChris Boswell
33.1%
Field Goals MadeRobbie Gould
33.1%
Combined TacklesBobby Wagner
32.8%
Kickoff Return YardsAdoree' Jackson
32.5%
Punt Return YardsAdoree' Jackson
32.5%
SacksCameron Heyward
31.9%
InterceptionsEric Weddle
31.7%
Field Goals MadeGreg Zuerlein
31.5%
SacksRyan Kerrigan
30.9%
InterceptionsKevin Byard
28.5%
Field Goals MadeHarrison Butker
26.8%
Combined TacklesNaVorro Bowman
25.8%
Field Goals MadeRyan Succop
24%
Kickoff Return YardsTarik Cohen
23.9%
Punt Return YardsTarik Cohen
23.9%
Field Goals MadeKai Forbath
23.6%
Combined TacklesDemario Davis
22.8%
Kickoff Return YardsTrevor Davis
22.8%
Punt Return YardsTrevor Davis
22.8%
Combined TacklesC.J. Mosley
22.4%
Combined TacklesBlake Martinez
21.7%
Field Goals MadePhil Dawson
20.9%
Kickoff Return YardsDion Lewis
20.3%
SacksYannick Ngakoue
17.3%
InterceptionsJordan Poyer
13.7%
Combined TacklesJoe Schobert
13.5%
Combined TacklesChristian Kirksey
12.9%
Kickoff Return YardsRyan Switzer
11.9%
Punt Return YardsJamal Agnew
8.8%
Punt Return YardsMarcus Sherels
8.2%
InterceptionsTre Boston
7.9%
Kickoff Return YardsAndre Roberts
7.6%
Punt Return YardsTrent Taylor
7.5%
InterceptionsAntoine Bethea
7.1%
Kickoff Return YardsAlex Erickson
5.9%
Punt Return YardsAlex Erickson
5.9%
Punt Return YardsMichael Campanaro
4.4%
Punt Return YardsJaydon Mickens
3.7%

You're not logged in!

Compare scores with friends on all Sporcle quizzes.
OR
Log In

Sporcle TV

Today on Sporcle TV


Watch our educational content, quiz creation guides, and fun videos on Sporcle TV.

Show Comments

Extras

Top Quizzes Today


Score Distribution

Your Account Isn't Verified!

In order to create a playlist on Sporcle, you need to verify the email address you used during registration. Go to your Sporcle Settings to finish the process.

Report this User

Report this user for behavior that violates our Community Guidelines.

Details: